Library Logo

Pioneer International University Library Catalogue

NOT NOW, JIMMY BOY (Record no. 9617)

MARC details
000 -LEADER
fixed length control field 00398nam a22001457a 4500
003 - CONTROL NUMBER IDENTIFIER
control field OSt
005 - DATE AND TIME OF LATEST TRANSACTION
control field 20251014132446.0
008 - FIXED-LENGTH DATA ELEMENTS--GENERAL INFORMATION
fixed length control field 251014b |||||||| |||| 00| 0 eng d
020 ## - INTERNATIONAL STANDARD BOOK NUMBER
International Standard Book Number 9789970398171
040 ## - CATALOGING SOURCE
Transcribing agency MK PUBLISHERS KENYA LTD
050 ## - LIBRARY OF CONGRESS CALL NUMBER
Classification number PR 9387.9 .O38 2014
245 ## - TITLE STATEMENT
Title NOT NOW, JIMMY BOY
Statement of responsibility, etc. OKOTH, O. CHARLES
260 ## - PUBLICATION, DISTRIBUTION, ETC.
Place of publication, distribution, etc. NAIROBI, KENYA
Name of publisher, distributor, etc. MK PUBLISHERS (U) Ltd
Date of publication, distribution, etc. 2014
942 ## - ADDED ENTRY ELEMENTS (KOHA)
Source of classification or shelving scheme Library of Congress Classification
Koha item type Books
Suppress in OPAC No

No items available.